Statistics for Premier League 100 Clean Sheets Club

Click here to take the quiz!

General Stats

  • This quiz has been taken 59 times
  • The average score is 10 of 15

Answer Stats

Clean SheetsClub(s)NationalityGoal-Keeper% Correct
202ChelseaCzech RepublicPetr Cech
95%
127Manchester CityEnglandJoe Hart
89%
128Manchester UnitedDenmarkPeter Schmeichel
89%
113Manchester UnitedSpainDavid de Gea
85%
132Manchester UnitedNetherlandsEdwin van der Sar
85%
136LiverpoolSpainPepe Reina
80%
141ArsenalEnglandDavid Seaman
78%
132Manchester United, EvertonUnited StatesTim Howard
71%
113Newcastle United, Manchester CityIrelandShay Given
65%
169Manchester City, PortsmouthEnglandDavid James
62%
151Middlesbrough, FulhamAustraliaMark Schwarzer
60%
132Blackburn Rovers, Aston VillaUnited StatesBrad Friedel
51%
108Bolton WanderersFinlandJussi Jaaskelainen
33%
107Sunderland, Aston Villa, Stoke CityDenmarkThomas Sorensen
25%
137Crystal Palace, Leeds United, EvertonEnglandNigel Martyn
24%

Score Distribution

Percentile by Number Answered

Percent of People with Each Score

Your Score History

You have not taken this quiz